[Event "XXIV Open"]
[Site "Cappelle La Grande FRA"]
[Date "2008.02.18"]
[Round "4"]
[White "Vovk,Y"]
[Black "Zinchenko,Ya"]
[Result "1/2-1/2"]
[WhiteElo "2561"]
[BlackElo "2516"]

1.e4 c5 2.Nf3 Nc6 3.Bb5 e6 4.c3 Nge7 5.d4 cxd4 6.cxd4 d5 7.e5 Bd7 8.Nc3 Nf5
9.O-O a6 10.Ba4 Qb6 11.Ne2 Be7 12.a3 O-O 13.Bc2 Rac8 14.g4 Nh4 15.Nxh4 Bxh4
16.Qd3 g6 17.Bh6 Rfe8 18.Rab1 Na5 19.Nc3 Be7 20.Kh1 Nc4 21.Bd1 Qc7 22.Ne2 Bb5
23.Qg3 Qa5 24.Qf4 Bf8 25.b4 Qxa3 26.Rb3 Qa2 27.Rh3 Rc7 28.Rg1 Bxb4 29.Qf6 Bf8
30.Bxf8 Rxf8 31.Rxh7 Kxh7 32.Rg3 Qd2 33.Rh3+ Qh6 34.Rxh6+ Kxh6 35.Nf4 Rg8
36.Qh4+ Kg7 37.Nh5+ gxh5 38.Qf6+ Kh7 39.Bc2+ Rg6 40.gxh5 Nxe5 41.dxe5 Rxc2
42.hxg6+ fxg6 43.Kg2 d4 44.Qh4+ Kg7 45.Qxd4 Bc6+ 46.Kg3 Bd5 47.Qb4 Rc7 48.f4 Rf7
49.Qb6 Kh6 50.Qd8 Kg7 51.h4 Rf5 52.Kg4 Kh7 53.Qe7+ Kh8 54.Kg3 Kg8 55.Qb4 Rh5
56.Qa4 Rf5 57.Kf2 b5 58.Qxa6 Rxf4+ 59.Kg3 Rf5 60.Qxb5 Kg7 61.Qd7+ Rf7 62.Qd8 Rf5
63.Qb6 Rf3+ 64.Kg4 Rf5 65.Qa7+ Rf7 66.Qa3 Rf5 67.Kg3 Rf7 68.Qd6 Rf5 69.Kg4 Bf3+
70.Kh3 Bd5 71.Kg3 Rf3+ 72.Kg4 Rf5 73.Qc7+ Rf7 74.Qb6 Rf5 75.Qa7+  1/2-1/2

[Event "10th TCh-Euro sen"]
[Site "Dresden GER"]
[Date "2008.02.18"]
[Round "8"]
[White "Malmdin,N"]
[Black "Sloth,J"]
[Result "1-0"]
[WhiteElo "2268"]
[BlackElo "2352"]

1.e4 c5 2.Nf3 Nc6 3.Bb5 d6 4.d4 cxd4 5.Qxd4 Bd7 6.Bxc6 Bxc6 7.Nc3 Nf6 8.Bg5 e6
9.O-O-O Be7 10.Rhe1 O-O 11.Qd2 Qb8 12.Nd4 Rd8 13.f4 h6 14.h4 hxg5 15.hxg5 Nxe4
16.Nxe4 Bxe4 17.Rxe4 d5 18.Re2 Re8 19.g3 g6 20.Nxe6 Qd6 21.Rh1 fxe6 22.Qd4 Rf8
23.Qh8+ Kf7 24.Qh7+ Ke8 25.Qxg6+ Kd7 26.Rh6 Rae8 27.Rxe6 Qc5 28.Re1 Bd6 29.Rh7+ Kd8
30.Rd1 Kc8 31.Qg7 Bc7 32.Kb1 Re2 33.Rc1 Rfe8 34.Qf7 Rg2 35.g6 Rxg3 36.g7 Rg1
37.Rh1 Rxc1+ 38.Rxc1  1-0

[Event "10th TCh-Euro sen"]
[Site "Dresden GER"]
[Date "2008.02.19"]
[Round "9"]
[White "James,GH"]
[Black "Hurme,H"]
[Result "1/2-1/2"]
[WhiteElo "2189"]
[BlackElo "2215"]

1.e4 c5 2.Nf3 Nc6 3.Bb5 g6 4.O-O Bg7 5.Nc3 e5 6.a4 Nge7 7.Bc4 h6 8.d3 d6
9.Be3 O-O 10.Nd5 Kh7 11.Nd2 Nxd5 12.Bxd5 Ne7 13.c4 f5 14.f3 f4 15.Bf2 g5
16.a5 Rb8 17.b4 Qc7 18.Ra2 Rf6 19.Nb3 Bf8 20.Qa1 Ng6 21.Qb2 Bd7 22.bxc5 dxc5
23.Qa3 Rc8 24.Nd2 Ra6 25.Rb1 b6 26.Qc3 Rb8 27.Rab2 Ne7 28.Nb3 Nc6 29.Bxc6 Bxc6
30.Nxc5 Bxc5 31.Bxc5 Bxe4 32.Qb4 Rc8 33.axb6 Qxc5+ 34.Qxc5 Rxc5 35.fxe4 axb6
36.Rxb6 Rxb6 37.Rxb6 Ra5 38.Rb5  1/2-1/2

[Event "10th TCh-Euro sen"]
[Site "Dresden GER"]
[Date "2008.02.19"]
[Round "9"]
[White "Watzka,H"]
[Black "Rodriguez,Ores"]
[Result "1/2-1/2"]
[WhiteElo "2321"]
[BlackElo "2428"]

1.e4 c5 2.Nf3 Nc6 3.Bb5 e6 4.O-O Nge7 5.Re1 a6 6.Bxc6 Nxc6 7.Nc3 d6 8.d4 cxd4
9.Nxd4 Be7 10.Be3 O-O 11.f4 Bd7 12.Qd3 Qc7 13.Nxc6 bxc6 14.Ne2 d5 15.Ng3 f6
16.Rad1 Rfd8 17.c4 Be8 18.cxd5 cxd5 19.exd5 Rxd5 20.Qe4 Rad8 21.Rxd5 exd5
22.Qd4 Qd7 23.Rd1 Qg4 24.f5 Qxd4 25.Bxd4 Rc8 26.Nf1 Bh5  1/2-1/2

[Event "6th Festival Gp B"]
[Site "Nancy FRA"]
[Date "2008.02.19"]
[Round "2"]
[White "Paci,C"]
[Black "Ramaswamy,A"]
[Result "0-1"]
[WhiteElo "2301"]
[BlackElo "2322"]

1.e4 c5 2.Nf3 Nc6 3.Bb5 Qb6 4.Nc3 e6 5.Bxc6 Qxc6 6.O-O a6 7.d4 cxd4 8.Nxd4 Qc7
9.Re1 d6 10.Bg5 Be7 11.Qd2 Nf6 12.Nf5 exf5 13.exf5 O-O 14.Rxe7 Qxe7 15.Re1 Qd8
16.Nd5 Kh8 17.Bxf6 gxf6 18.Qd4 Bxf5 19.Ne7 Rg8 20.Nxf5 Rg6 21.Ne7 Kg7 22.Nxg6 hxg6
23.Re3 Rc8 24.c3 Qa5 25.a4 Qc5 26.Rd3 Rc6 27.g4 Qg5 28.Kg2 d5 29.b3 Re6 30.h3 Re1
31.Qxd5 Qc1 32.Qxb7 Rh1 33.Kf3 Qe1 34.Re3 Rxh3+ 35.Kf4 Qxf2+ 36.Rf3 g5+  0-1

[Event "XXIV Open"]
[Site "Cappelle La Grande FRA"]
[Date "2008.02.20"]
[Round "6"]
[White "Yandemirov,V"]
[Black "Lallemand,R"]
[Result "1-0"]
[WhiteElo "2461"]
[BlackElo "2246"]

1.e4 c5 2.Nf3 Nc6 3.Bb5 g6 4.O-O Bg7 5.c3 Nf6 6.Qa4 O-O 7.d4 cxd4 8.cxd4 a6
9.d5 Na5 10.Bd3 b5 11.Qb4 e6 12.Nc3 Bb7 13.Bd2 exd5 14.exd5 Rc8 15.Nxb5 Nxd5
16.Qxa5 Qxa5 17.Bxa5 axb5 18.Bxb5 Bc6 19.Bxc6 dxc6 20.Rab1 Ra8 21.b4 c5 22.a3 c4
23.Rbc1 Rfc8 24.Rc2 c3 25.Rd1 Ne7 26.Nd4 Rc4 27.Nb3 Nc6 28.Kf1 h5 29.Rd5 Re4
30.Re2 Rc4 31.Rc2 Re4 32.f3 Re6 33.Re2 Rxe2 34.Kxe2 Re8+ 35.Kd1 Re3 36.b5 Nxa5
37.Nxa5 c2+ 38.Kxc2 Rc3+ 39.Kd1 Rxa3 40.b6 Ra1+ 41.Kc2 Ra2+ 42.Kd3 Rb2 43.b7 Kh7
44.f4 h4 45.Rd8  1-0

[Event "XXIV Open"]
[Site "Cappelle La Grande FRA"]
[Date "2008.02.20"]
[Round "6"]
[White "Ulibin,M"]
[Black "Petrosian,TL"]
[Result "1/2-1/2"]
[WhiteElo "2518"]
[BlackElo "2606"]

1.e4 c5 2.Nf3 Nc6 3.Bb5 e6 4.O-O Nge7 5.Re1 Nd4 6.Nxd4 cxd4 7.d3 a6 8.Ba4 b5
9.Bb3 Nc6 10.Qg4 Qf6 11.Nd2 h5 12.Qe2 g5 13.e5 Qg6 14.Qe4 g4 15.Qxg6 fxg6
16.f4 Bb4 17.Re2 Bxd2 18.Bxd2 Ne7 19.Bb4 Nf5 20.Bc5 Bb7 21.c3 dxc3 22.bxc3 h4
23.d4 Bd5 24.Bxd5 exd5 25.a4 Kf7 26.axb5 axb5 27.Rea2 Rxa2 28.Rxa2 g5 29.fxg5 Kg6
30.Ra7 Rd8 31.Kf2 Kxg5 32.h3 gxh3 33.gxh3 Kf4 34.Bb6 Rc8 35.Bc5 Ng3 36.Rxd7 Ne4+
37.Ke2 Nxc5 38.dxc5 Kxe5 39.Rh7 Rxc5 40.Rxh4 Rxc3 41.Rb4 Ra3 42.Rxb5 Kd4
43.h4 Ra2+ 44.Kf3 Kc4  1/2-1/2

[Event "XXIV Open"]
[Site "Cappelle La Grande FRA"]
[Date "2008.02.20"]
[Round "6"]
[White "Kuipers,S"]
[Black "Recuero Guerra,D"]
[Result "1-0"]
[WhiteElo "2302"]
[BlackElo "2424"]

1.e4 c5 2.Nf3 Nc6 3.Bb5 a6 4.Bxc6 dxc6 5.d3 Qc7 6.Be3 e5 7.Nbd2 Bd6 8.a4 a5
9.O-O Ne7 10.Nc4 f6 11.Nfd2 Be6 12.f4 b6 13.Qh5+ Bf7 14.Qg4 O-O 15.f5 Kh8
16.Rf3 b5 17.Rg3 g6 18.Qh4 Be8 19.Nxd6 Qxd6 20.Rh3 Rf7 21.fxg6 Nxg6 22.Qf2 c4
23.dxc4 b4 24.c5 Qe6 25.Rf3 Bd7 26.Rf1 Kg7 27.b3 Bc8 28.Bg5 Nf4 29.Bxf4 exf4
30.Rxf4 Ba6 31.Re1 Rd8 32.Nf3 Rfd7 33.e5 fxe5 34.Nxe5 Rd1 35.Qg3+  1-0

[Event "XXIV Open"]
[Site "Cappelle La Grande FRA"]
[Date "2008.02.20"]
[Round "6"]
[White "Deviatkin,A"]
[Black "Kryvoruchko,Y"]
[Result "1/2-1/2"]
[WhiteElo "2543"]
[BlackElo "2597"]

1.e4 c5 2.Nf3 Nc6 3.Bb5 g6 4.Bxc6 bxc6 5.O-O Bg7 6.c3 Ba6 7.d3 Nf6 8.Re1 O-O
9.Qc2 d6 10.h3 e5 11.Be3 Nh5 12.d4 f5 13.exf5 Rxf5 14.Nbd2 exd4 15.cxd4 cxd4
16.Bxd4 c5 17.Bxg7 Nxg7 18.Rad1 Bb7 19.Ne4 Bxe4 20.Rxe4 Qf6 21.Qc4+ Kh8 22.Qc3 Qf8
23.Rde1 d5 24.Re7 d4 25.Qc4 Qg8 26.Ne5 Qxc4 27.Nxc4 Rd5 28.g4 d3 29.b3 Kg8
30.Kf1 h5 31.R7e3 hxg4 32.hxg4 Rad8 33.Rd1 g5 34.Re5 Kf7 35.Rxd5 Rxd5 36.Rxd3 Rxd3
37.Ne5+ Ke6 38.Nxd3 Kd5 39.Ke2 Kd4 40.f3 Ne6 41.Kd2 c4 42.bxc4 Kxc4 43.Ne5+ Kd5
44.Nd3 Nd4 45.Ne1 a5 46.Ke3 Kc4 47.f4 gxf4+ 48.Kxf4 a4 49.Ke5 Nc6+ 50.Kf6 Nb4
51.g5 Nd5+ 52.Ke5 Ne7 53.Ke6 Ng6 54.Kf6 Nf4 55.Kf5 Nh5 56.g6 Kc3 57.Ng2 Kb2
58.Nf4 Ng7+ 59.Kf6 Ne8+ 60.Kf7 Nd6+ 61.Ke6 Ne8 62.Nh5 Kxa2 63.Ke7 a3 64.Kxe8 Kb1
65.g7 a2 66.g8=Q a1=Q 67.Qg6+ Ka2 68.Qe6+ Kb2 69.Qb6+ Ka2 70.Nf6 Qe5+ 71.Kf7 Qf5
72.Qb4 Ka1 73.Qd4+ Ka2 74.Ke7 Qg5 75.Kd6 Qg6 76.Qc3 Kb1 77.Qe1+ Kb2 78.Qf2+ Qc2
79.Qf4 Qg6 80.Ke5 Qg7 81.Ke4 Qg6+ 82.Kd4 Qg1+ 83.Kd5 Qd1+ 84.Ke5 Qe1+ 85.Ne4 Qa5+
86.Kd4 Qb4+ 87.Kd3 Qb3+ 88.Ke2 Qc4+ 89.Kf2 Qc2+ 90.Nd2 Kc1  1/2-1/2

[Event "XXIV Open"]
[Site "Cappelle La Grande FRA"]
[Date "2008.02.20"]
[Round "6"]
[White "Khruschiov,A"]
[Black "Timoshenko,G"]
[Result "0-1"]
[WhiteElo "2504"]
[BlackElo "2560"]

1.e4 c5 2.Nf3 Nc6 3.Bb5 d6 4.Bxc6+ bxc6 5.O-O e5 6.c3 f5 7.exf5 Bxf5 8.d4 e4
9.Re1 d5 10.c4 Nf6 11.Nc3 Bd6 12.dxc5 Bxc5 13.Be3 Bxe3 14.Rxe3 Ng4 15.Re2 O-O
16.Nd4 Qd6 17.g3 Ne5 18.Nxf5 Rxf5 19.cxd5 cxd5 20.Qa4 Raf8 21.Rd1 Qh6 22.h4 Nf3+
23.Kf1 Nxh4 24.gxh4 Qxh4 25.Ke1 Rxf2 26.Rxd5 e3 27.Kd1 Qh1+ 28.Re1 Rf1 29.Rxf1 Qxf1+
30.Kc2 e2 31.Re5 e1=Q 32.Rxe1 Qxe1 33.Qxa7 Qf2+  0-1

[Event "XXIV Open"]
[Site "Cappelle La Grande FRA"]
[Date "2008.02.20"]
[Round "6"]
[White "Miellet Bensan,Y"]
[Black "Devereaux,M"]
[Result "0-1"]
[WhiteElo "2147"]
[BlackElo "2348"]

1.e4 c5 2.Nf3 Nc6 3.Bb5 g6 4.O-O Bg7 5.Re1 e5 6.c3 Nge7 7.d3 a6 8.Bxc6 Nxc6
9.Be3 d6 10.d4 exd4 11.cxd4 Bg4 12.d5 Ne5 13.Nbd2 O-O 14.h3 Bxf3 15.Nxf3 Nc4
16.Qc2 b5 17.Bg5 Qd7 18.Bc1 Rfe8 19.Rb1 Nb6 20.Bf4 f5 21.Rbd1 fxe4 22.Rxe4 Rxe4
23.Qxe4 Re8 24.Qc2 Na4 25.b3 Nc3 26.Rd2 Re4 27.Bg3 Qe7 28.h4 h6 29.Kh2 g5
30.hxg5 hxg5 31.Rd3 b4 32.Rxc3 bxc3 33.Nxg5 Re5 34.Qh7+ Kf8 35.f4 Rxd5 36.Qg6 Rxg5
37.fxg5 Be5  0-1

[Event "XXIV Open"]
[Site "Cappelle La Grande FRA"]
[Date "2008.02.21"]
[Round "7"]
[White "Gharamian,T"]
[Black "Vavrak,P"]
[Result "1/2-1/2"]
[WhiteElo "2558"]
[BlackElo "2472"]

1.e4 c5 2.Nf3 Nc6 3.Bb5 g6 4.Bxc6 dxc6 5.d3 Bg7 6.h3 e5 7.Nbd2 Qe7 8.a3 Nf6
9.b4 Nd7 10.O-O O-O 11.Nc4 b6 12.Qe1 Ba6 13.Qc3 Rae8 14.Re1 h6 15.bxc5 Nxc5
16.a4 Nb7 17.Bb2 Bxc4 18.Qxc4 Na5 19.Qa6 Qb7 20.Qxb7 Nxb7 21.Ba3 c5 22.a5 Nd6
23.axb6 axb6 24.Reb1 Rb8 25.Bb2 f6 26.Ra6 Rfc8 27.Ba3 Rc6 28.Nd2 Bf8 29.Nf1 Ne8
30.Bc1 Nc7 31.Ra7 b5 32.Ne3 b4 33.Bb2 Nb5 34.Ra5 Kf7 35.Kf1 h5 36.c4 bxc3
37.Bxc3 Rcb6 38.Nd5 R6b7 39.Ra6 Be7 40.Rc6 Na7 41.Rxb7 Rxb7 42.Nxe7 Nxc6
43.Nxc6 Rb3 44.Bd2 Rxd3 45.Ke2 Ra3 46.Na5 Ra4 47.Kd3 Rd4+ 48.Ke3 f5 49.exf5 gxf5
50.Nb3 Rd5 51.Na5 Ke6 52.Nc4 Rd4 53.Nb2 Rd8 54.g3  1/2-1/2

[Event "XXIV Open"]
[Site "Cappelle La Grande FRA"]
[Date "2008.02.21"]
[Round "7"]
[White "Rozentalis,E"]
[Black "Dembo,Y"]
[Result "1-0"]
[WhiteElo "2567"]
[BlackElo "2427"]

1.e4 c5 2.Nf3 Nc6 3.Bb5 d6 4.Bxc6+ bxc6 5.O-O Bg4 6.d3 Nf6 7.h3 Bh5 8.Nbd2 e6
9.Re1 Nd7 10.Nf1 Be7 11.Ng3 Bg6 12.b3 O-O 13.Bb2 Rb8 14.d4 c4 15.Bc3 Nb6
16.Qe2 cxb3 17.axb3 Rb7 18.Ra5 Qc7 19.h4 h6 20.h5 Bh7 21.Nh2 Nd7 22.Ng4 Bg5
23.Rxg5 hxg5 24.h6 Bg6 25.hxg7 Kxg7 26.Qe3 f6 27.f4 d5 28.fxg5 f5 29.exf5 exf5
30.Nh6 Nb8 31.Qf3 f4 32.Nh5+ Bxh5 33.Qxh5 Qd7 34.Re5 Na6 35.Nf5+ Kg8 36.Qg6+ Kh8
37.Qh6+ Kg8 38.Ne7+ Qxe7 39.Rxe7 Rxe7 40.Qxc6 f3 41.gxf3 Rxf3 42.Kg2 Rfe3
43.Qxd5+ Kg7 44.Qd6 Rc7 45.Ba5 Rxc2+ 46.Kf1 Ree2 47.d5 Rf2+ 48.Ke1 Rg2 49.Bc3+ Kf7
50.g6+ Ke8 51.Qc6+  1-0

[Event "XXIV Open"]
[Site "Cappelle La Grande FRA"]
[Date "2008.02.21"]
[Round "7"]
[White "Hammer,J"]
[Black "Baron,Ta"]
[Result "1-0"]
[WhiteElo "2441"]
[BlackElo "2213"]

1.e4 c5 2.Nf3 Nc6 3.Bb5 g6 4.Bxc6 dxc6 5.d3 Bg7 6.h3 Nf6 7.Nc3 Nd7 8.Be3 e5
9.Qd2 h6 10.O-O Qe7 11.Nh2 Nf8 12.f4 exf4 13.Bxf4 Ne6 14.Bg3 Nd4 15.Rae1 O-O
16.e5 Bf5 17.Ng4 Bxg4 18.hxg4 Qg5 19.Qxg5 hxg5 20.Rf2 f5 21.exf6 Rxf6 22.Rxf6 Bxf6
23.Ne4 Kg7 24.c3 Ne6 25.Bd6 b6 26.Nxf6 Kxf6 27.Rf1+ Kg7 28.Be5+ Kh6 29.Rf3 Nf4
30.g3 Ne2+ 31.Kf1 Re8 32.Re3 Nc1 33.Bg7+ Kxg7 34.Rxe8 Nxd3 35.b3 a5 36.Ke2 c4
37.bxc4 Nb2 38.Re6 Nxc4 39.Rxc6 b5 40.a4 Na3 41.axb5 Nxb5 42.Rc5  1-0

[Event "XXIV Open"]
[Site "Cappelle La Grande FRA"]
[Date "2008.02.22"]
[Round "8"]
[White "Hartikainen,M"]
[Black "Lalic,B"]
[Result "0-1"]
[WhiteElo "2304"]
[BlackElo "2507"]

1.e4 c5 2.Nf3 Nc6 3.Bb5 g6 4.O-O Bg7 5.Re1 e5 6.c3 Nge7 7.d3 O-O 8.Be3 d6
9.h3 h6 10.d4 exd4 11.cxd4 Qb6 12.Na3 cxd4 13.Bf4 Ne5 14.Rb1 a6 15.Bf1 Be6
16.b3 Nxf3+ 17.Qxf3 d5 18.exd5 Nxd5 19.Nc4 Qd8 20.Be5 b5 21.Bxg7 Kxg7 22.Ne5 Nc3
23.Rb2 Qd5 24.Rd2 Rfd8 25.Nc6 Qxf3 26.gxf3 Rd6 27.Nxd4 Kf6 28.Re3 Nxa2 29.Rxa2 Rxd4
30.Bxb5 a5 31.Kh2 Rb4 32.Bc4 Bxc4 33.bxc4 Rxc4 34.Rea3 a4 35.Kg3 Ra5 36.Kg2 Ke6
37.Rd2 Rd5 38.Rda2 Rdd4 39.Rb2 Rb4 40.Rc2 Rb3 41.Raa2 a3 42.Rc6+ Rd6 43.Rc7 Ra6
44.Rcc2 Ra5 45.Re2+ Re5 46.Rec2 Rg5+ 47.Kh2 Rxf3 48.Rc6+ Ke7 49.Ra6 Rh5  0-1

[Event "Breizh Masters A"]
[Site "Guingamp FRA"]
[Date "2008.02.22"]
[Round "1"]
[White "Janev,E"]
[Black "Terrieux,K"]
[Result "1/2-1/2"]
[WhiteElo "2485"]
[BlackElo "2363"]

1.e4 c5 2.Nf3 Nc6 3.Bb5 g6 4.O-O Bg7 5.Re1 Nf6 6.e5 Nd5 7.Nc3 Nc7 8.Bxc6 dxc6
9.Ne4 Ne6 10.d3 O-O 11.Be3 b6 12.Qd2 f5 13.exf6 exf6 14.Bh6 a5 15.Bxg7 Kxg7
16.Qc3 Ra7 17.Ned2 Nc7 18.Qc4 Nd5 19.a3 Re8 20.Rxe8 Qxe8 21.Re1 Re7 22.Rxe7+ Nxe7
23.d4 cxd4 24.Qxd4 b5 25.c4 Qd7 26.Qc3 a4 27.h3 Qe6 28.Qd4 Nf5 29.Qc5 Bd7
30.Qa7 Kh6 31.Qa8 Kg7 32.Qa7 Kh6 33.Qb8 Kg7 34.h4 Qd6 35.Qa7 Nxh4 36.Ne4 Qd1+
37.Kh2 Nxf3+ 38.gxf3 Kf7 39.Kg2 g5 40.cxb5 cxb5 41.Qb6 Bh3+ 42.Kxh3 Qh1+
43.Kg3 Qg1+ 44.Kh3  1/2-1/2

[Event "79th ch-GER"]
[Site "Bad Woerishofen GER"]
[Date "2008.02.23"]
[Round "9"]
[White "Kritz,L"]
[Black "Hausrath,D"]
[Result "1-0"]
[WhiteElo "2592"]
[BlackElo "2507"]

1.e4 c5 2.Nf3 Nc6 3.Bb5 Nf6 4.Bxc6 dxc6 5.d3 g6 6.h3 Bg7 7.Nc3 Nd7 8.Be3 e5
9.Qd2 Qe7 10.Bh6 f6 11.Bxg7 Qxg7 12.Nh2 Nf8 13.f4 exf4 14.Qxf4 Ne6 15.Qf2 O-O
16.O-O h5 17.Nf3 Bd7 18.Rae1 Rae8 19.Ne2 f5 20.exf5 Rxf5 21.Qg3 g5 22.Nc3 Ref8
23.Qd6 g4 24.hxg4 hxg4 25.Ne5 Bc8 26.Rxf5 Rxf5 27.Nc4 Qh6 28.Ne4 Rf7 29.Ne3 Qh4
30.Rf1 Rxf1+ 31.Kxf1 Qh6 32.Qe5 Qf8+ 33.Ke1 Qh6 34.Nf6+ Kf7 35.Nfxg4 Qh4+
36.Kd2 Bd7 37.Qf5+ Ke7 38.Ne5 Be8 39.N5g4 Qg5 40.Qh7+ Bf7 41.Nh6 Qf4 42.Nf5+ Ke8
43.Qh8+ Kd7 44.Qf6 Qf2+ 45.Kc1  1-0

[Event "6th Festival Gp B"]
[Site "Nancy FRA"]
[Date "2008.02.24"]
[Round "9"]
[White "Delorme,Ax"]
[Black "Ramaswamy,A"]
[Result "1/2-1/2"]
[WhiteElo "2366"]
[BlackElo "2322"]

1.e4 c5 2.Nf3 Nc6 3.Bb5 d6 4.O-O Bd7 5.Re1 Nf6 6.c3 a6 7.Bf1 Bg4 8.h3 Bh5
9.g4 Bg6 10.d3 e6  1/2-1/2

[Event "ch-ROU"]
[Site "Cluj ROU"]
[Date "2008.02.26"]
[Round "2"]
[White "Nevednichy,V"]
[Black "Chirila,I"]
[Result "1-0"]
[WhiteElo "2538"]
[BlackElo "2400"]

1.e4 c5 2.Nf3 Nc6 3.Bb5 d6 4.Bxc6+ bxc6 5.e5 Bg4 6.h3 Bh5 7.O-O d5 8.e6 fxe6
9.g4 Bf7 10.Ne5 Qd6 11.Re1 g5 12.d4 Bg7 13.Bxg5 cxd4 14.Qxd4 Bxe5 15.Rxe5 c5
16.Qa4+ Qd7 17.Qf4 Bg6 18.Nd2 Nf6 19.Bh6 Rg8 20.Rae1 Bf7 21.c4 Qa4 22.b3 Qb4
23.Nf3 Ne4 24.R1xe4 dxe4 25.Qxe4 Kd7 26.Qf4 Rg6 27.Bg5 Ke8 28.Re3 h6 29.Ne5 Rg7
30.Bxe7  1-0

[Event "ch-ROU"]
[Site "Cluj ROU"]
[Date "2008.02.26"]
[Round "3"]
[White "Nemeth,F"]
[Black "Tecu,I"]
[Result "1-0"]
[WhiteElo "2451"]
[BlackElo "1968"]

1.e4 c5 2.Nf3 Nc6 3.Bb5 a6 4.Bxc6 dxc6 5.d3 g6 6.h3 Bg7 7.O-O Nf6 8.Nc3 Nd7
9.Be3 O-O 10.Qd2 e5 11.Nh2 Qe7 12.Bh6 Nb6 13.Bxg7 Kxg7 14.f4 exf4 15.Rxf4 Be6
16.Ne2 Nd7 17.Ng3 Ne5 18.Nf5+ Bxf5 19.exf5 f6 20.fxg6 hxg6 21.Re1 Qd6 22.Rfe4 Rae8
23.Qe3 Rf7 24.Qg3 Rd8 25.Nf1 Nxd3 26.Qxd6 Rxd6 27.cxd3 Rxd3 28.Re7 c4 29.Rxf7+ Kxf7
30.Rc1 b5 31.Kf2 a5 32.Ke2 Rd5 33.b3 cxb3 34.axb3 c5 35.Ra1 c4 36.Rxa5 cxb3
37.Ra3 Re5+ 38.Ne3 f5 39.Kf3 b2 40.Rb3 g5 41.Rxb2 Ke6 42.Nc2 Rd5 43.Rb3 Kd6
44.Na3 Rd2 45.Nxb5+ Kc5 46.Na3 g4+ 47.hxg4 fxg4+ 48.Kg3 Kd5 49.Nb1 Rc2 50.Rd3+ Ke4
51.Rd8 Kf5 52.Rd4 Rc1 53.Rf4+ Ke5 54.Nd2 Rc2 55.Nc4+ Ke6 56.Ne3 Rc3 57.Re4+ Kf6
58.Kxg4 Rc5 59.Kf4 Kg6 60.g4 Kf6 61.g5+ Kg6 62.Re6+ Kf7 63.Rf6+ Kg7 64.Nf5+ Kg8
65.Rc6 Rb5 66.g6 Rb4+ 67.Kg5 Rb8 68.Rc8+  1-0

[Event "25th Festival Open A"]
[Site "Bled SLO"]
[Date "2008.02.28"]
[Round "7"]
[White "Padjen,Z"]
[Black "Kosmac,B"]
[Result "1/2-1/2"]
[WhiteElo "2123"]
[BlackElo "2179"]

1.e4 c5 2.Nf3 Nc6 3.Bb5 g6 4.O-O Bg7 5.Bxc6 dxc6 6.h3 Nf6 7.d3 Nd7 8.Nbd2 e5
9.Nc4 Qe7 10.Bd2 b6  1/2-1/2

[Event "25th Festival Open A"]
[Site "Bled SLO"]
[Date "2008.02.28"]
[Round "7"]
[White "Muzychuk,M"]
[Black "Gombac,Jan"]
[Result "1-0"]
[WhiteElo "2357"]
[BlackElo "2293"]

1.e4 c5 2.Nf3 Nc6 3.Bb5 d6 4.O-O Bd7 5.Re1 Nf6 6.c3 a6 7.Bxc6 Bxc6 8.d4 Bxe4
9.Bg5 Bd5 10.Nbd2 cxd4 11.Nxd4 e6 12.Bxf6 Qxf6 13.Qa4+ b5 14.Nxb5 axb5 15.Qxb5+ Kd8
16.c4 Bxg2 17.Kxg2 Rc8 18.Re3 Qd4 19.Qa5+ Ke8 20.Kh1 Be7 21.Qb5+ Kf8 22.Qb7 Re8
23.Nf3 Qxc4 24.a4 Qc2 25.Kg2 h5 26.a5 h4 27.a6 h3+ 28.Kf1 Qc4+ 29.Re2 Qg4
30.Ne1 Rh5 31.a7 Rg5 32.Qh1 Re5 33.Rxe5 dxe5 34.b3 Bh4 35.a8=Q Rxa8 36.Qxa8+ Ke7
37.Ra7+ Kf6 38.Qf3+  1-0

[Event "10th Rector Cup w"]
[Site "Kharkiv UKR"]
[Date "2008.02.28"]
[Round "2"]
[White "Karlovich,A"]
[Black "Sukandar,I"]
[Result "1/2-1/2"]
[WhiteElo "2198"]
[BlackElo "2266"]

1.e4 c5 2.Nf3 Nc6 3.Bb5 g6 4.O-O Bg7 5.Re1 e5 6.c3 Nge7 7.d4 cxd4 8.cxd4 Nxd4
9.Nxd4 exd4 10.Bf4 O-O 11.Nd2 Nc6 12.Bd6 Re8 13.Nf3 Qb6 14.Qa4 Ne5 15.Bxe5 Bxe5
16.Rad1 a6 17.Bc4 Bg7 18.Bd5 Re7 19.Qc4  1/2-1/2

[Event "58th ch-RUS w 1st liga"]
[Site "Smolensk RUS"]
[Date "2008.02.28"]
[Round "2"]
[White "Grigorian,Mar"]
[Black "Savina,A"]
[Result "0-1"]
[WhiteElo "2082"]
[BlackElo "2202"]

1.e4 c5 2.Nf3 Nc6 3.Bb5 d6 4.Bxc6+ bxc6 5.O-O e5 6.d3 Bg4 7.c4 Nf6 8.Nc3 Nd7
9.Ne2 Bxf3 10.gxf3 Be7 11.f4 exf4 12.Nxf4 Bf6 13.Kh1 Bd4 14.Qg4 Ne5 15.Qg3 h5
16.Ne2 Qf6 17.Nxd4 cxd4 18.f4 h4 19.Qh3 Nd7 20.e5 dxe5 21.fxe5 Qe6 22.Qg2 O-O-O
23.Bg5 Rde8 24.Rae1 Rh5 25.Rg1 Kb7 26.Qf3 g6 27.Qe4 Nxe5 28.Qxd4 Qf5 29.Rgf1  0-1

[Event "10th Rector Cup w"]
[Site "Kharkiv UKR"]
[Date "2008.02.29"]
[Round "4"]
[White "Bulmaga,I"]
[Black "Ostroverkhova,E"]
[Result "0-1"]
[WhiteElo "2132"]
[BlackElo "2055"]

1.e4 c5 2.Nf3 Nc6 3.Bb5 g6 4.O-O Bg7 5.Re1 e5 6.Bxc6 bxc6 7.c3 Qb6 8.Na3 Ba6
9.d3 Ne7 10.Nc4 Qc7 11.Qb3 d6 12.Qa3 Bxc4 13.dxc4 O-O 14.Be3 a5 15.b3 h6
16.Qc1 Kh7 17.Nd2 f5 18.exf5 gxf5 19.f4 e4 20.Qc2 Bf6 21.Nf1 Rg8 22.Re2 Rg6
23.Rd1 Rag8 24.Qd2 Bh8 25.a3 Nc8 26.Kh1 Nb6 27.a4 Qe7 28.Ng3 Rf8 29.Qe1 Qf7
30.Rc2 Re6 31.Qg1 h5 32.h3 Qg6 33.Nf1 Bf6 34.Qf2 Qg7 35.Qe1 Qe7 36.Qe2 h4
37.Qh5+ Kg7 38.Qe2 Qf7 39.Qf2 Kg8 40.Rcd2 Be7 41.Rc2 Rg6 42.Rcd2 Kh7 43.Qg1 Rfg8
44.Rc1 Nd7 45.Rcd1 Nf6 46.Rb2 Nh5 47.Rdd2 Qf6 48.Rbc2 Rb8 49.Rb2 Qxc3 50.Rdc2 Qg7
51.Qf2 Bf6 52.Rb1 Rg8 53.Rd1 Be7 54.Bd2 Ng3+ 55.Nxg3 Rxg3 56.Bxa5 Rxb3 57.Be1 Qf7
58.a5 Qh5 59.Ra1 Bf6 60.Rac1 Rgg3 61.Qf1 Rgd3 62.Ra2 Ra3 63.Rxa3 Rxa3 64.Rb1 Bd4
65.Rb7+ Kh6 66.Rb1 Ra4 67.Kh2 Be3 68.Rb3 Bd4 69.Rb1 Ra2 70.Kh1 e3 71.Qd3 Qg6
72.Qf1 Qh5 73.Qd3 Kg6 74.Kh2 Qh6 75.Qf1 Kf6 76.Qf3 Ra4 77.Kh1 Rxc4 78.a6 Ra4
79.Qxc6 Qxf4 80.Bxh4+ Qxh4 81.Qxa4 e2 82.Qe8 Qf2 83.Qd8+ Ke6 84.Qe8+ Kd5
85.Qf7+ Ke5 86.Qe7+ Kd5 87.Qf7+ Ke5 88.Qe7+ Kf4 89.g3+ Kf3 90.Rb3+ Be3 91.Qb7+ Kxg3
92.Qg7+ Kf3 93.Rxe3+ Kxe3 94.Qc3+ Kf4 95.Qd2+ Ke5 96.Qc3+ Ke6 97.Qb3+ Kf6
98.Qb2+ Kg6  0-1

[Event "24th Open"]
[Site "Bad Woerishofen GER"]
[Date "2008.03.02"]
[Round "4"]
[White "Rozentalis,E"]
[Black "Lupor,A"]
[Result "1-0"]
[WhiteElo "2567"]
[BlackElo "2308"]

1.e4 c5 2.Nf3 Nc6 3.Bb5 d6 4.Bxc6+ bxc6 5.O-O e5 6.d3 Bg4 7.Nbd2 Be7 8.Re1 Nf6
9.h3 Bh5 10.Nf1 Nd7 11.Ng3 Bg6 12.c3 O-O 13.d4 exd4 14.cxd4 Re8 15.Bf4 Bf8
16.Qd2 d5 17.exd5 Rxe1+ 18.Rxe1 cxd5 19.dxc5 Nxc5 20.Ne5 Ne6 21.Nxg6 hxg6
22.Be5 Bc5 23.b4 Bb6 24.a4 a6 25.h4 Qxh4 26.Qxd5 Rd8 27.Qe4 Qxe4 28.Nxe4 Rd5
29.Bc3 Rd3 30.Be5 Rd5 31.Nc3 Rd2 32.Re2 Rd3 33.a5 Bd8 34.Re3 Rd2 35.Re4 f6
36.Bb8 Kf7 37.Ba7 Rb2 38.Bb6 Be7 39.b5 axb5 40.a6 Bd6 41.a7 Rc2 42.Re1  1-0

[Event "TCh-HUN 2007-8"]
[Site "Budapest HUN"]
[Date "2008.03.02"]
[Round "7"]
[White "Videki,S"]
[Black "Liptay,L"]
[Result "1-0"]
[WhiteElo "2420"]
[BlackElo "2351"]

1.e4 c5 2.Nf3 Nc6 3.Bb5 e6 4.Bxc6 bxc6 5.d3 d5 6.Qe2 Nf6 7.c4 Be7 8.O-O O-O
9.h3 Nd7 10.Re1 dxc4 11.dxc4 e5 12.Nc3 Re8 13.Be3 Qc7 14.Na4 Nf8 15.Nxc5 Bxc5
16.Bxc5 Ne6 17.Qe3 Nf4 18.Rad1 f6 19.Kh2 Be6 20.b3 Red8 21.Qc3 Rxd1 22.Rxd1 Qf7
23.Ng1 g5 24.f3 Kh8 25.Qa5 h5 26.Rd8+ Rxd8 27.Qxd8+ Kg7 28.Qa8 g4 29.Qxa7 Bd7
30.Be3 g3+ 31.Kh1 Nd3 32.Ne2 h4 33.Kg1 f5 34.Nc3 f4 35.Bb6 Kg6 36.Qc7 Nf2
37.Qd6+ Kh7 38.Bxf2 gxf2+ 39.Kxf2 Qg7 40.Ne2 Be8 41.c5  1-0

[Event "10th Rector Cup w"]
[Site "Kharkiv UKR"]
[Date "2008.03.03"]
[Round "8"]
[White "Karlovich,A"]
[Black "Vozovic,O"]
[Result "1/2-1/2"]
[WhiteElo "2198"]
[BlackElo "2327"]

1.e4 c5 2.Nf3 Nc6 3.Bb5 e6 4.Bxc6 bxc6 5.d3 Ne7 6.Qe2 Qc7 7.e5 f6 8.Bf4 Ng6
9.Bg3 fxe5 10.Nxe5 Nxe5 11.Bxe5 d6 12.Bc3 Qf7 13.O-O Be7 14.f4 O-O 15.Nd2 Bf6
16.Nc4 Qc7 17.Ba5 Qd7 18.Rae1 Bh4 19.Rd1 Ba6 20.Be1 Bf6 21.Bf2 Rae8 22.Qg4 Qc7
23.Rfe1 Bc8 24.Qh5 g6 25.Qe2 Ba6 26.Qg4 Bc8 27.Qg3 Kg7 28.d4 Ba6 29.b3 Bxc4
30.bxc4 cxd4 31.Bxd4 Bxd4+ 32.Rxd4 Qb6 33.Qe3 Qc5 34.Re4 Qxe3+ 35.R1xe3 Kf6
36.Rb3 Rf7 37.Kf2 Rc7 38.Rd4 d5 39.cxd5 cxd5 40.c3 Rec8 41.Rd3 Rc4 42.Kf3 g5
43.fxg5+ Kxg5 44.Ra3 R8c7 45.Re3 Kf5 46.g4+ Rxg4 47.Rxe6 Rf4+ 48.Ke3 Rh4
49.Rea6 Re7+ 50.Kd3 Rxh2 51.Rxa7 Ree2 52.Kd4 Rd2+ 53.Kc5 h5 54.Rf7+ Ke4 55.Ra4+ Kd3
56.Rd4+ Kxc3 57.Rf3+ Kc2 58.Rxd5 Rxd5+ 59.Kxd5 h4 60.Ke4 Rd2 61.a4 Rd6 62.Rh3 Ra6
63.Kf4 Rxa4+ 64.Kg5 Rb4 65.Rxh4 Rxh4 66.Kxh4  1/2-1/2

[Event "58th ch-RUS w 1st liga"]
[Site "Smolensk RUS"]
[Date "2008.03.03"]
[Round "6"]
[White "Yakupova,A"]
[Black "Bannikova,A"]
[Result "0-1"]
[WhiteElo "2003"]
[BlackElo "2187"]

1.e4 c5 2.Nf3 Nc6 3.Bb5 g6 4.Bxc6 bxc6 5.d3 Bg7 6.Nc3 e5 7.Be3 d6 8.Qd2 Rb8
9.b3 Bg4 10.O-O-O Nf6 11.Bh6 Bxh6 12.Qxh6 Nh5 13.Rd2 Bxf3 14.gxf3 Qf6 15.Qe3 Nf4
16.Ne2 h5 17.Rg1 Ne6 18.c3 O-O 19.Qh6 Qg7 20.Qxg7+ Kxg7 21.d4 cxd4 22.cxd4 Rfd8
23.Rgd1 Kf6 24.d5 cxd5 25.Rxd5 Ke7 26.Ra5 Rb7 27.Kb2 Rc8 28.Ra6 Rbc7 29.Rd2 Ng5
30.Ng3 Nxf3 31.Rdxd6 Rc2+ 32.Ka3 Rxf2 33.Rd3 Rc7 34.h3 Nd4 35.Ra5 f6 36.Ra6 h4
37.Nh1 Rf1  0-1